Представление документа в формате MARC21

ПолеНазваниеЗначение
  Тип записи m
  Библиографический уровень m
001 Контрольный номер 1f57e70c595b465ea743c6497dedcbdf
005 Дата корректировки 20260224104948.3
080 Индекс УДК __
a Индекс УДК 796.8(04)
090 Шифры __
c Каталожный индекс 796.8(04)
x Авторский знак П 389
100 Автор 1_
a Автор Плиско В.И.
245 Заглавие 10
a Заглавие Педагогический контроль специальной подготовленности сотрудников правоохранительных органов при обезвреживании противника, вооруженного кастетом
b Продолж. заглавия автореферат диссертации на соискание ученой степени кандидата педагогических наук
c Ответственность Киевский государственный институт физической культуры
256 Характеристики компьютерного файла __
a Характеристики компьютерного файла Электрон. текстов. дан. (1 файл : 835 КБ)
260 Выходные данные __
a Место издания Киев
c Дата издания 1988
300 Физическое описание __
a Объем Электрон. дан. (1 файл)
336 Вид содержания __
a Термин вида содержания Текст
337 Средство доступа __
a Термин типа средства электронный
500 Примечания __
a Примечание Режим доступа: Электронный каталог библиотеки. - Загл. с титула экрана. - Электрон. копия печ. версии
650 Тематические рубрики 04
a Предметная рубрика АВТОРЕФЕРАТЫ
650 Тематические рубрики 04
a Предметная рубрика ФИЗКУЛЬТУРА И СПОРТ
650 Тематические рубрики 04
a Предметная рубрика ЭЛЕКТРОННАЯ БИБЛИОТЕКА
653 Ключевые слова 0_
a Ключевые слова БОЕВЫЕ ЕДИНОБОРСТВА; РУКОПАШНЫЙ БОЙ; ПРАВООХРАНИТЕЛЬНЫЕ ОРГАНЫ; ПЕДАГОГИЧЕСКИЙ КОНТРОЛЬ; СПЕЦИАЛЬНАЯ ПОДГОТОВКА; ОБЕЗОРУЖИВАНИЕ ПРОТИВНИКА; ТЕХНИЧЕСКИЕ СРЕДСТВА ОБУЧЕНИЯ
900 Макрообъекты __
a Имя макрообъекта Плиско В.И. (автореф.)(018547)
901 Тип документа __
t Тип документа r
952 Тип литературы __
a Тип литературы для КСУ ВШ ЭАН
999 Фонд __
a Фонд автореф. 2026 ЭР